[Event "URU-ch sf"]
[Site "Montevideo"]
[Date "2020.02.22"]
[Round "3"]
[White "Lima Abadal, Nicolas"]
[Black "Zaruski, Julio"]
[Result "0-1"]
[WhiteElo "1646"]
[BlackElo "1822"]
[PlyCount "86"]
[EventDate "2020.02.21"]
[EventType "swiss"]
[EventRounds "8"]
[EventCountry "URU"]
[SourceTitle "CBM 195 Extra"]
[Source "ChessBase"]
[SourceDate "2020.05.31"]
[SourceVersion "1"]
[SourceVersionDate "2020.05.31"]
[SourceQuality "1"]

1. e4 c5 2. Nf3 d6 3. d4 cxd4 4. Nxd4 Nf6 5. Nc3 a6 6. Bg5 e6 7. f4 Be7 8. Qf3 Qc7 9. 0-0-0 h6 10. Bh4 Nbd7 11. g4 g5 12. fxg5 Ne5 13. Qg3 Nfxg4 14. Qf4 hxg5 15. Bxg5 f6 16. Bxf6 Nxf6 17. Be2 Bd7 18. Rhg1 0-0-0 19. Rg7 Ng8 20. Rf1 Qb6 21. Nf3 Rf8 22. Qg3 Qe3+ 23. Kb1 Nxf3 24. Rxf3 Rxf3 25. Rxg8+ Kc7 26. Bxf3 Rxg8 27. Qxg8 Qxf3 28. a3 Qh1+ 29. Ka2 Qxh2 30. Qg7 Bd8 31. Kb3 Qe5 32. Qg1 Qc5 33. Qg3 Bf6 34. Qf3 Bxc3 35. bxc3 Kb6 36. Qf8 Bc6 37. Qd8+ Ka7 38. Qh4 Qb5+ 39. Ka2 Qc4+ 40. Kb2 Bxe4 41. Qf2+ Qc5 42. Qf6 Bd5 43. Qe7 e5 0-1

[Event "Montevideo Duchamp Cup 4th"]
[Site "Montevideo"]
[Date "2020.02.13"]
[Round "7"]
[White "Vassallo, Julio"]
[Black "Zaruski, Julio"]
[Result "0-1"]
[WhiteElo "1630"]
[BlackElo "1822"]
[PlyCount "102"]
[EventDate "2020.02.08"]
[EventType "swiss"]
[EventRounds "9"]
[EventCountry "URU"]
[SourceTitle "CBM 194 Extra"]
[Source "ChessBase"]
[SourceDate "2020.03.31"]
[SourceVersion "1"]
[SourceVersionDate "2020.03.31"]
[SourceQuality "1"]

1. e4 c5 2. Nc3 Nc6 3. Bb5 e6 4. Bxc6 dxc6 5. f4 c4 6. Nf3 Bc5 7. b3 cxb3 8. axb3 Nf6 9. h3 0-0 10. d3 b5 11. Qe2 Nh5 12. g3 Nxg3 13. Qg2 Nxh1 14. Qxh1 Qf6 15. e5 Qg6 16. Ne4 Bb4+ 17. Bd2 Bxd2+ 18. Kxd2 f6 19. Rg1 Qh6 20. Qg2 Qxf4+ 21. Kd1 g6 22. Nxf6+ Rxf6 23. exf6 Qxf6 24. Ng5 e5 25. Ne4 Qe7 26. Ng5 Bd7 27. Qe4 Be8 28. h4 Rd8 29. h5 Rd4 30. Qh1 Rd6 31. Ne4 Re6 32. Ng5 Rf6 33. Ne4 Rf5 34. Qh3 Kf8 35. hxg6 Bxg6 36. Rxg6 hxg6 37. Qh8+ Kf7 38. Qh7+ Ke6 39. Qxg6+ Rf6 40. Nxf6 Qxf6 41. Qg8+ Kf5 42. Qg2 Kf4 43. Qh2+ Kf3 44. Qg1 Qf4 45. Qf1+ Ke3 46. Qg1+ Kf3 47. Qf1+ Ke3 48. Qg1+ Qf2 49. Qg5+ Kd4 50. Qg4+ Kc3 51. Kc1 Qxc2# 0-1

[Event "Montevideo Duchamp Cup 4th"]
[Site "Montevideo"]
[Date "2020.02.10"]
[Round "4"]
[White "Bon, Charles"]
[Black "Zaruski, Julio"]
[Result "1-0"]
[WhiteElo "1614"]
[BlackElo "1822"]
[PlyCount "65"]
[EventDate "2020.02.08"]
[EventType "swiss"]
[EventRounds "9"]
[EventCountry "URU"]
[SourceTitle "CBM 194 Extra"]
[Source "ChessBase"]
[SourceDate "2020.03.31"]
[SourceVersion "1"]
[SourceVersionDate "2020.03.31"]
[SourceQuality "1"]

1. e4 c5 2. Nf3 Nc6 3. d4 cxd4 4. Nxd4 e5 5. Nf3 Nf6 6. Nbd2 d5 7. exd5 Nxd5 8. Bb5 Nf4 9. Bxc6+ bxc6 10. 0-0 Bg4 11. Re1 Be7 12. Rxe5 0-0 13. Re1 Ng6 14. h3 Be6 15. Nf1 Qb6 16. c3 Rad8 17. Qc2 Rd7 18. Be3 Bc5 19. Bxc5 Qxc5 20. Ng3 Nf4 21. Re5 Qe7 22. Rae1 Qf6 23. Ng5 g6 24. Nxe6 fxe6 25. R5e3 Rfd8 26. Ne4 Qf5 27. g4 Qf8 28. Qb3 Rd5 29. Qc4 Nd3 30. Rxd3 Rxd3 31. Qxe6+ Qf7 32. Qxc6 Kg7 33. Ng5 1-0

[Event "Montevideo zt 2.5"]
[Site "Montevideo"]
[Date "2019.04.17"]
[Round "7"]
[White "Zaruski, Julio"]
[Black "Carvalho, Guillermo"]
[Result "0-1"]
[WhiteElo "1842"]
[BlackElo "2194"]
[PlyCount "116"]
[EventDate "2019.04.13"]
[EventType "swiss"]
[EventRounds "9"]
[EventCountry "URU"]
[SourceTitle "CBM 189 Extra"]
[Source "ChessBase"]
[SourceDate "2019.06.03"]
[SourceVersion "1"]
[SourceVersionDate "2019.06.03"]
[SourceQuality "1"]

1. d4 Nf6 2. c4 e6 3. Nf3 d5 4. e3 c5 5. Nc3 Nc6 6. cxd5 exd5 7. Be2 Bd6 8. 0-0 0-0 9. dxc5 Bxc5 10. a3 a6 11. h3 Be6 12. b4 Bb6 13. Bd3 Rc8 14. Ne2 Ne4 15. Bb2 Qe7 16. Ned4 Bd7 17. Rc1 Rfe8 18. Nxc6 Bxc6 19. Be5 h6 20. Bh2 Qf6 21. Rc2 Rcd8 22. Nd4 Ba4 23. Qg4 Bxc2 24. Nxc2 Qg5 25. Qe2 Rc8 26. Bf4 Qf6 27. Ne1 Rc1 28. Nf3 Qa1 29. Nh2 Rxf1+ 30. Nxf1 Qf6 31. g4 d4 32. Qc2 Ng5 33. Bxg5 hxg5 34. e4 Qe6 35. Ng3 Rc8 36. Qe2 Rc1+ 37. Kg2 Bc7 38. e5 g6 39. Qf3 Bxe5 40. Ne4 Bf4 41. h4 Qe5 42. hxg5 Bxg5 43. Ng3 Rc3 44. Ne4 Rxa3 45. Nc5 Be7 46. Ne4 Kg7 47. Ng3 Bxb4 48. Ne4 Be7 49. Ng3 a5 50. Ne4 a4 51. Ng3 Rb3 52. Qd1 Qd5+ 53. Kf1 b5 54. Be4 Qe5 55. Bf3 Qf4 56. Kg2 Qxf3+ 57. Qxf3 Rxf3 58. Kxf3 a3 0-1

[Event "Montevideo zt 2.5"]
[Site "Montevideo"]
[Date "2019.04.14"]
[Round "2"]
[White "Restuccia, Francisco"]
[Black "Zaruski, Julio"]
[Result "1-0"]
[WhiteElo "2100"]
[BlackElo "1842"]
[PlyCount "71"]
[EventDate "2019.04.13"]
[EventType "swiss"]
[EventRounds "9"]
[EventCountry "URU"]
[SourceTitle "CBM 189 Extra"]
[Source "ChessBase"]
[SourceDate "2019.06.03"]
[SourceVersion "1"]
[SourceVersionDate "2019.06.03"]
[SourceQuality "1"]

1. e4 c5 2. c3 g6 3. d4 b6 4. Be3 Qc7 5. Na3 a6 6. Qd2 Bb7 7. f3 d6 8. h4 h6 9. g4 Nd7 10. Bg2 e6 11. Ne2 Be7 12. g5 0-0-0 13. gxh6 Ngf6 14. Nc2 d5 15. e5 Nh5 16. 0-0-0 b5 17. Kb1 Nb6 18. b3 a5 19. Bh3 a4 20. Bg4 axb3 21. axb3 c4 22. b4 Bc6 23. Bxh5 gxh5 24. Bg5 Na4 25. Qf4 f5 26. exf6 Qxf4 27. Nxf4 Nxc3+ 28. Kc1 Bd6 29. Ng6 Nxd1 30. Nxh8 Nf2 31. Nf7 Nxh1 32. Nxd8 Kxd8 33. f7+ Kc7 34. h7 Nf2 35. h8Q c3 36. Qd8+ 1-0

[Event "Montevideo Duchamp Cup 3rd"]
[Site "Montevideo"]
[Date "2019.02.11"]
[Round "4"]
[White "Manteiga, Franco"]
[Black "Zaruski, Julio"]
[Result "1/2-1/2"]
[WhiteElo "1502"]
[BlackElo "1823"]
[PlyCount "72"]
[EventDate "2019.02.09"]
[EventType "swiss"]
[EventRounds "9"]
[EventCountry "URU"]
[SourceTitle "CBM 188 Extra"]
[Source "ChessBase"]
[SourceDate "2019.02.26"]
[SourceVersion "1"]
[SourceVersionDate "2019.02.26"]
[SourceQuality "1"]

1. d4 Nf6 2. Nf3 g6 3. c4 Bg7 4. Nc3 d5 5. Qb3 dxc4 6. Qxc4 0-0 7. Bf4 c6 8. e3 Nbd7 9. Be2 Nb6 10. Qd3 Be6 11. 0-0 Bc4 12. Qc2 Bxe2 13. Qxe2 Nh5 14. Bg5 Bf6 15. Bxf6 Nxf6 16. e4 Kg7 17. Rfd1 e6 18. b4 Qe7 19. Rab1 Rac8 20. a4 Nbd7 21. e5 Nd5 22. Ne4 Rc7 23. Qb2 N7b6 24. a5 Nc4 25. Qb3 b5 26. axb6 Ncxb6 27. Nc5 Ra8 28. Ra1 Rf8 29. Rd2 f6 30. Rda2 fxe5 31. Nxe5 Rf5 32. Na6 Rc8 33. Nc5 Rc7 34. Na6 Rc8 35. Nc5 Rc7 36. Na6 Rc8 1/2-1/2

[Event "Montevideo Trebejos Verano op"]
[Site "Montevideo"]
[Date "2019.01.30"]
[Round "6"]
[White "Granara Barreto, Sebastian A"]
[Black "Zaruski, Julio"]
[Result "1-0"]
[WhiteElo "2134"]
[BlackElo "1823"]
[PlyCount "95"]
[EventDate "2019.01.18"]
[EventType "swiss"]
[EventRounds "7"]
[EventCountry "URU"]
[SourceTitle "CBM 188 Extra"]
[Source "ChessBase"]
[SourceDate "2019.02.26"]
[SourceVersion "1"]
[SourceVersionDate "2019.02.26"]
[SourceQuality "1"]

1. f4 d5 2. Nf3 c5 3. g3 g6 4. Bg2 Bg7 5. 0-0 Nh6 6. d3 Nf5 7. e4 Nd4 8. c3 Nxf3+ 9. Bxf3 d4 10. c4 0-0 11. Nd2 e5 12. f5 Bh6 13. Nb3 Bxc1 14. Qxc1 g5 15. Nxc5 b6 16. Nb3 Nd7 17. c5 Bb7 18. cxb6 axb6 19. Qd2 f6 20. Rfc1 Rf7 21. a4 Rg7 22. a5 Nf8 23. Qb4 bxa5 24. Nxa5 Rb8 25. Qc4+ Kh8 26. b4 Qb6 27. Qc5 Nd7 28. Qxb6 Nxb6 29. Nb3 Bc8 30. Nc5 Re7 31. Bd1 Kg7 32. Bb3 h5 33. Ra5 Kh6 34. Rb5 Rc7 35. Ra1 Nd7 36. Rxb8 Nxb8 37. Bc4 Nc6 38. b5 Ne7 39. Ne6 Bxe6 40. fxe6 Nc8 41. Ra6 Kg7 42. Rc6 Rxc6 43. bxc6 Kf8 44. Ba6 Nd6 45. c7 f5 46. c8Q+ Nxc8 47. Bxc8 fxe4 48. dxe4 1-0

[Event "Rio de Janeiro Duchamp op 2nd"]
[Site "Rio de Janeiro"]
[Date "2018.11.17"]
[Round "4"]
[White "Zaruski, Julio"]
[Black "Souza, Neurismar da Rocha"]
[Result "0-1"]
[WhiteElo "1835"]
[BlackElo "1551"]
[PlyCount "22"]
[EventDate "2018.11.14"]
[EventType "swiss"]
[EventRounds "9"]
[EventCountry "BRA"]
[SourceTitle "CBM 187 Extra"]
[Source "ChessBase"]
[SourceDate "2018.11.04"]
[SourceVersion "1"]
[SourceVersionDate "2018.11.04"]
[SourceQuality "1"]

1. e4 e5 2. Nc3 Nf6 3. Nf3 Nc6 4. Bc4 Nxe4 5. 0-0 Nxc3 6. dxc3 f6 7. Re1 d6 8. Bf4 Bg4 9. h3 Bxf3 10. Qxf3 Qd7 11. Rad1 0-0-0 0-1

[Event "Rio de Janeiro Duchamp op 2nd"]
[Site "Rio de Janeiro"]
[Date "2018.11.14"]
[Round "2"]
[White "Zaruski, Julio"]
[Black "Okamura, Milton Kasuo"]
[Result "0-1"]
[WhiteElo "1835"]
[BlackElo "2038"]
[PlyCount "122"]
[EventDate "2018.11.14"]
[EventType "swiss"]
[EventRounds "9"]
[EventCountry "BRA"]
[SourceTitle "CBM 187 Extra"]
[Source "ChessBase"]
[SourceDate "2018.11.04"]
[SourceVersion "1"]
[SourceVersionDate "2018.11.04"]
[SourceQuality "1"]

1. c4 e5 2. Nc3 Nf6 3. Nf3 Nc6 4. d4 e4 5. Nd2 Bb4 6. e3 Bxc3 7. bxc3 0-0 8. Be2 d6 9. f3 Bf5 10. 0-0 Qd7 11. a4 Rfe8 12. a5 a6 13. Qe1 exf3 14. Bxf3 Re7 15. Qh4 Rae8 16. e4 Nxe4 17. Nxe4 Bxe4 18. Bg4 f5 19. Bh5 g6 20. Bd1 Bd3 21. Bg5 Re4 22. Rf4 Re1+ 23. Kf2 Bxc4 24. d5 Bxd5 25. Bf3 Bxf3 26. Rxe1 Rxe1 27. Rxf3 Qe6 28. Re3 Rxe3 29. Bxe3 Qe4 30. Qf6 Qe5 31. Qh4 Qxc3 32. h3 Qc2+ 33. Kg1 Qe4 34. Qg5 Qe5 35. Bf4 Qe7 36. Qg3 Qe6 37. Kh2 Nxa5 38. Qc3 Nc6 39. Qb2 b5 40. Bg3 b4 41. h4 h5 42. Qc1 Qd7 43. Qc4+ Kg7 44. Bf2 a5 45. Be3 Ne5 46. Bd4 Kh7 47. Qd5 Ng4+ 48. Kg3 a4 49. Ba1 c5 50. Qa8 Ne5 51. Qd5 Qe7 52. Kh3 a3 53. g3 Qc7 54. Qb3 Qb7 55. Qd1 b3 56. Bxe5 dxe5 57. g4 hxg4+ 58. Kh2 b2 59. h5 b1Q 60. hxg6+ Kg7 61. Qe1 Q7b2+ 0-1

[Event "Montevideo Trebejos op 09"]
[Site "Montevideo"]
[Date "2018.09.05"]
[Round "1"]
[White "Lopez Falcon, Jorge"]
[Black "Zaruski, Julio"]
[Result "1-0"]
[WhiteElo "2112"]
[BlackElo "1835"]
[PlyCount "107"]
[EventDate "2018.09.05"]
[EventType "swiss"]
[EventRounds "7"]
[EventCountry "URU"]
[SourceTitle "CBM 186 Extra"]
[Source "ChessBase"]
[SourceDate "2018.08.24"]
[SourceVersion "1"]
[SourceVersionDate "2018.08.24"]
[SourceQuality "1"]

1. d4 g6 2. c4 Bg7 3. Nf3 Nf6 4. Nc3 0-0 5. g3 c5 6. Bg2 d6 7. 0-0 Nc6 8. dxc5 dxc5 9. Bf4 Be6 10. Qa4 Qa5 11. Ne5 Qxa4 12. Nxa4 Nh5 13. Nxc6 bxc6 14. Rac1 Nxf4 15. gxf4 Rad8 16. Nxc5 Bg4 17. Rc2 Rd4 18. e3 Rd6 19. Nb7 Re6 20. b3 Rb8 21. Na5 c5 22. Nc6 Rb6 23. Nd8 Red6 24. Nb7 Bf5 25. Nxd6 Bxc2 26. Nb7 Ra6 27. Nxc5 Rxa2 28. Bc6 e5 29. fxe5 Bxe5 30. Ba4 Bf5 31. Rd1 Bh3 32. Nd3 Ra1 33. Rxa1 Bxa1 34. b4 Kf8 35. Bc6 Be6 36. Bd5 Bf5 37. e4 Bh3 38. Nf4 Bg4 39. Kg2 Be5 40. Nd3 Bd4 41. f3 Bc8 42. f4 f6 43. Kf3 Bc3 44. Ke3 Ke7 45. b5 Bh3 46. c5 Bf1 47. b6 axb6 48. cxb6 Kd6 49. b7 Kc7 50. Nc5 Ba5 51. Nd7 Bb6+ 52. Nxb6 Ba6 53. Nd7 Bxb7 54. Nxf6 1-0

[Event "Montevideo Trebejos op 07"]
[Site "Montevideo"]
[Date "2018.07.13"]
[Round "2"]
[White "Zaruski, Julio"]
[Black "Dominguez, Facundo"]
[Result "0-1"]
[WhiteElo "1862"]
[BlackElo "2104"]
[PlyCount "76"]
[EventDate "2018.07.11"]
[EventType "swiss"]
[EventRounds "7"]
[EventCountry "URU"]
[SourceTitle "EXT 2019"]
[Source "ChessBase"]
[SourceDate "2018.10.10"]
[SourceVersion "1"]
[SourceVersionDate "2018.10.10"]
[SourceQuality "1"]

1. c4 Nf6 2. Nc3 e5 3. Nf3 Nc6 4. d4 exd4 5. Nxd4 Bb4 6. Nxc6 Bxc3+ 7. bxc3 dxc6 8. Qxd8+ Kxd8 9. Bg5 Ke7 10. Rd1 Be6 11. e4 h6 12. Bxf6+ Kxf6 13. f4 Rad8 14. f5 Bc8 15. Bd3 Rhe8 16. 0-0 b6 17. c5 Re5 18. cxb6 axb6 19. Kf2 Rc5 20. c4 Ba6 21. Rfe1 Bxc4 22. e5+ Ke7 23. Bxc4 Rxd1 24. Rxd1 Rxc4 25. Kf3 Rc3+ 26. Kf4 Rc2 27. g4 Rxa2 28. h4 Ra4+ 29. Kg3 Re4 30. f6+ gxf6 31. exf6+ Kxf6 32. Rd7 Re7 33. g5+ hxg5 34. hxg5+ Ke6 35. Rd4 Kf5 36. Rg4 Re3+ 37. Kh4 Re4 38. Rxe4 Kxe4 0-1